000 00382 a2200169 4500
001 173648
020 _a
040 _cMagnum
100 _aCoelho, Ronaldo Simões
240 1 0 _aO lobisomem que quase morreu de medo
_lpor
245 1 0 _aO lobisomem que quase morreu de medo
300 _a12
362 0 _a1988
440 1 _aRHJ
697 _aLITERATURA INFANTO
942 _cBK
999 _c173648
_d173648